| 000 -LEADER |
| fixed length control field |
00365nam a2200145Ia 4500 |
| 008 - FIXED-LENGTH DATA ELEMENTS--GENERAL INFORMATION |
| fixed length control field |
200103s9999||||xx |||||||||||||| ||und|| |
| 020 ## - INTERNATIONAL STANDARD BOOK NUMBER |
| International Standard Book Number |
9781906915391, |
| 082 ## - DEWEY DECIMAL CLASSIFICATION NUMBER |
| Classification number |
Column-4 |
| 100 ## - MAIN ENTRY--PERSONAL NAME |
| Personal name |
Le Goubin, André L. |
| 245 #0 - TITLE STATEMENT |
| Title |
Mentoring at sea : the 10 minute challenge |
| 260 ## - PUBLICATION, DISTRIBUTION, ETC. (IMPRINT) |
| Name of publisher, distributor, etc |
The Nautical Institute |
| Date of publication, distribution, etc |
2012 |
| 300 ## - PHYSICAL DESCRIPTION |
| Extent |
78 |
| 942 ## - ADDED ENTRY ELEMENTS (KOHA) |
| Item type |
Books |